<?xml version="1.0" encoding="UTF-8"?><?xml-stylesheet type="text/xsl" href="static/style.xsl"?><OAI-PMH xmlns="http://www.openarchives.org/OAI/2.0/" xmlns:xsi="http://www.w3.org/2001/XMLSchema-instance" xsi:schemaLocation="http://www.openarchives.org/OAI/2.0/ http://www.openarchives.org/OAI/2.0/OAI-PMH.xsd"><responseDate>2026-04-14T17:49:58Z</responseDate><request verb="GetRecord" identifier="oai:uvadoc.uva.es:10324/30865" metadataPrefix="marc">https://uvadoc.uva.es/oai/request</request><GetRecord><record><header><identifier>oai:uvadoc.uva.es:10324/30865</identifier><datestamp>2025-09-18T07:17:38Z</datestamp><setSpec>com_10324_38</setSpec><setSpec>col_10324_852</setSpec></header><metadata><record xmlns="http://www.loc.gov/MARC21/slim" xmlns:doc="http://www.lyncode.com/xoai" xmlns:xsi="http://www.w3.org/2001/XMLSchema-instance" xmlns:dcterms="http://purl.org/dc/terms/" xsi:schemaLocation="http://www.loc.gov/MARC21/slim http://www.loc.gov/standards/marcxml/schema/MARC21slim.xsd">
<leader>00925njm 22002777a 4500</leader>
<datafield tag="042" ind1=" " ind2=" ">
<subfield code="a">dc</subfield>
</datafield>
<datafield tag="720" ind1=" " ind2=" ">
<subfield code="a">Lázaro Martín, Alberto</subfield>
<subfield code="e">author</subfield>
</datafield>
<datafield tag="260" ind1=" " ind2=" ">
<subfield code="c">2018</subfield>
</datafield>
<datafield tag="520" ind1=" " ind2=" ">
<subfield code="a">Uno de los grandes problemas de muchas empresas es el stock, que provoca&#xd;
enormes costes monetarios, físicos, logísticos, humanos, etc. Los tres factores&#xd;
principales que determinan las decisiones de una empresa acerca de cómo&#xd;
realizar la gestión de sus stocks son: la demanda, el nivel de servicio al cliente&#xd;
y los costes.&#xd;
El presente trabajo se centra en realizar un estudio de mejora en la gestión de&#xd;
los stocks de material auxiliar en una planta del sector lácteo (Queserías&#xd;
Entrepinares). Por medio de la aplicación de varios modelos de previsión de la&#xd;
demanda y de las diferentes políticas de gestión de stocks, se planteará un&#xd;
modelo para la empresa que nos permita minimizar los costes manteniendo un&#xd;
nivel de servicio al cliente óptimo.&#xd;
Por último, es necesario cuantificar la mejora potencial obtenida gracias al&#xd;
estudio por medio de indicadores logísticos, que nos den una visión objetiva&#xd;
acerca del cambio propuesto.</subfield>
</datafield>
<datafield tag="024" ind2=" " ind1="8">
<subfield code="a">http://uvadoc.uva.es/handle/10324/30865</subfield>
</datafield>
<datafield ind1=" " ind2=" " tag="653">
<subfield code="a">Logística (Organización)</subfield>
</datafield>
<datafield ind1=" " ind2=" " tag="653">
<subfield code="a">Eficiencia en la industria</subfield>
</datafield>
<datafield tag="245" ind1="0" ind2="0">
<subfield code="a">Estudio de optimización del modelo de gestión de stocks y aprovisionamiento en almacén de material auxiliar</subfield>
</datafield>
</record></metadata></record></GetRecord></OAI-PMH>